| 000 -LEADER |
| fixed length control field |
00450nam a22001817a 4500 |
| 008 - FIXED-LENGTH DATA ELEMENTS--GENERAL INFORMATION |
| fixed length control field |
221215b 2015 ||||| |||| 00| 0 eng d |
| 020 ## - INTERNATIONAL STANDARD BOOK NUMBER |
| International Standard Book Number |
9789383971657 |
| 082 ## - DEWEY DECIMAL CLASSIFICATION NUMBER |
| Item number |
GAV |
| 100 ## - MAIN ENTRY--PERSONAL NAME |
| Personal name |
Gavhale, S. L. |
| 245 ## - TITLE STATEMENT |
| Title |
Power Engineering |
| 250 ## - EDITION STATEMENT |
| Edition statement |
2nd ed. |
| 260 ## - PUBLICATION, DISTRIBUTION, ETC. (IMPRINT) |
| Place of publication, distribution, etc |
Pune |
| Name of publisher, distributor, etc |
Nirali Prakashan |
| Date of publication, distribution, etc |
2015 |
| 300 ## - PHYSICAL DESCRIPTION |
| Extent |
1.1-5.76p. |
| 650 ## - SUBJECT ADDED ENTRY--TOPICAL TERM |
| Topical term or geographic name as entry element |
Power Cycle |
| 650 ## - SUBJECT ADDED ENTRY--TOPICAL TERM |
| Topical term or geographic name as entry element |
Essential Elements of Power Cycle |
| 650 ## - SUBJECT ADDED ENTRY--TOPICAL TERM |
| Topical term or geographic name as entry element |
Heat Engine |
| 942 ## - ADDED ENTRY ELEMENTS (KOHA) |
| Item type |
Gratis Books |